Les joueurs formés à Lyon depuis 2005 - Statistiques

Statistiques générales
  • Ce quiz a été pris 282 fois
  • Le résultat moyen est 19 sur 51
Statistiques - réponses
Joueurs Matchs avec l'OL Buts Saisons % Correct
Anthony Lopes 324 0 2012-
93%
Alexandre Lacazette 275 129 2010-2017
92%
Karim Benzema 148 66 2005-2009
92%
Corentin Tolisso 159 29 2013-2017
84%
Nabil Fekir 193 69 2013-2019
84%
Yassin Fekir 3 0 2017-2019
84%
Maxime Gonalons 335 12 2009-2017
81%
Samuel Umtiti 171 5 2012-2016
76%
Maxence Caqueret 5 1 2019-
72%
Sidney Govou 406 73 1999-2010
72%
Houssem Aouar 120 20 2016-
70%
Hatem Ben Arfa 59 9 2004-2008
67%
Rayan Cherki 7 1 2019-
67%
Jordan Ferri 213 12 2012-2019
63%
Amine Gouiri 12 0 2017-
62%
Clément Grenier 154 18 2009-2018
61%
Anthony Martial 4 0 2012-2013
52%
Steed Malbranque 240 19 1998(...)2016
47%
Rachid Ghezzal 119 14 2012-2017
43%
Melvin Bard 1 0 2019-
41%
Mouctar Diakhaby 55 7 2016-2018
36%
Yassine Benzia 54 6 2012-2015
33%
Mathieu Gorgelin 20 0 2011-2019
31%
Alassane Pléa 12 1 2012-2014
30%
Clinton Njie 58 14 2012-2015
29%
Farès Bahlouli 14 0 2013-2015
27%
Aldo Kalulu 20 3 2015-2018
26%
Gaetan Perrin 3 1 2016-2017
24%
Loic Rémy 19 0 2006-2008
24%
Willem Geubbels 4 0 2017-2018
24%
Ishak Belfodil 12 0 2009-2012
22%
Mehdi Zeffane 27 0 2012-2015
20%
Myziane Maolida 22 3 2016-2018
20%
Sidy Koné 5 0 2011-2015
18%
Jérémy Berthod 99 2 2003-2007
17%
Anthony Mounier 28 5 2007-2009
16%
Yannis Tafer 15 1 2008-2012
16%
Mouhamadou Naby Sarr 5 1 2012-2014
14%
Romain Del Castillo 2 0 2015-2018
14%
Mohamed Yattara 23 3 2011-2015
13%
Timothée Kolodziejczak 14 0 2008-2012
13%
Jérémy Clément 54 1 2003-2006
11%
Jordy Gaspar 3 0 2016-2017
9%
Lamine Gassama 25 0 2008-2012
7%
Olivier Kemen 4 0 2015-2019
7%
Harry Novillo 4 0 2010-2013
6%
Zakarie Labidi 3 0 2012-2016
4%
Sébastien Faure 1 0 2008-2012
3%
Romain Beynié 1 0 2004-2010
2%
Sandy Paillot 2 0 2007-2009
2%
Grégory Bettiol 4 0 2006-2007
1%
Aucun quiz correspondant
Distribution des résultats
% des personnes avec chaque résultat
Percentile par nombre de réponses
Votre historique - résultats
Vous n’avez pas pris ce quiz